000 00947cab a22002175a 4500
001 L151478
008 101108e20101030xxk 000 0 eng d
035 _a(Sirsi) u151478
041 0 _aeng
100 1 _aJordan, Paul
245 0 0 _aCompliance is key
260 _c2010
490 _aEstates Gazette
_v(1043) 30 October 2010, 92-93(2)
520 _aReminds estate agents about the importance of ensuring that their marketing communications comply with the "UK Code of Non-Broadcast Advertising, Sales Promotion and Direct Marketing". Refers to complaints involving estate agents which have been considered by the Advertising Standards Authority. Marketing checklist offering advice to ensure compliance with the Code.
590 _aKA
650 2 4 _aUK CODE OF NON-BROADCAST ADVERTISING, SALES PROMOTION AND DIRECT MARKETING
651 4 _aUnited Kingdom
_y
690 _aPROPERTY-PROPERTY AGENCY
700 1 _aMorris, Jacky
942 _n0
999 _c82802
_d82802